000 00728nam a2200181 a 4500
001 BRCA_3038
005 20190320204059.0
008 210109s1970----sp-h---###---#000-0#spa-#
050 4 _aGV1317
_b.T73 1970
245 1 0 _aTractatus de Ludo Scacorum
_cnota preliminar, transcripción y traducción por Luis Vázquez de Parga.
260 _a[Madrid]
_bMinisterio de Educación y Ciencia : Dirección General de Archivos y Bibliotecas
_c[1970]
300 _a87 p.
_bil. [98] láminas
_c17 cm.
500 _aEdición facsímil del manuscrito de la Biblioteca Nacional de Madrid, Vitrina 25-6´
546 _aTexto en español y latín
650 1 4 _aAjedrez
_xHistoria
_98342
700 1 _aVázquez de Parga, Luis
_98343
942 _2lcc
_cB
999 _c2774
_d2774